000 00242nam a22000857a 4500
008 161013b xxu||||| |||| 00| 0 eng d
100 _9840
_aBahuguna.R
245 _aIndian Economic Devolopment-XI
260 _aNew Delhi
_bDhanpatrai Publications
_c2016
999 _c3492
_d3492